000
00455nam a2200145Ia 4500
008
151213s9999 xx 000 0 und d
100
_a
সৈয়দ শাহ আলম
245
_a
শান্তি দর্শন
_c
সৈয়দ শাহ আলম
260
_a
ঢাকা
_b
পালোমা
_c
2008
300
_a
7174 p.
650
_a
Bangla
650
_a
Bangla Literature
700
_a
সৈয়দ শাহ আলম
999
_c
3814
_d
3814